Normal view
MARC view
Entry Nombre geográfico
001 - NÚMERO DE CONTROL
- campo de control: 111660
003 - IDENTIFICADOR DE NÚMERO DE CONTROL
- campo de control: OSt
005 - FECHA Y HORA DE LA ÚLTIMA TRANSACCIÓN
- campo de control: 20260325084708.0
008 - ELEMENTOS DE DATO DE LONGITUD-FIJA
- campo de control de longitud fija: 260325|| acz||aabn | a|a d
024 7# - IDENTIFICADOR DE OTROS ESTÁNDARES
- Fuente: Wikidata
- Número estándar o código: Q2743020
024 7# - IDENTIFICADOR DE OTROS ESTÁNDARES
- Fuente: VIAF
- Número estándar o código: 316733989
040 ## - FUENTE DE CATALOGACIÓN
- Centro catalogador/agencia de origen: M-RABA
151 1# - ENCABEZAMIENTO--NOMBRE GEOGRÁFICO
- Nombre geográfico: Zurbano (Álava)
670 ## - FUENTE DE DATOS ENCONTRADOS
- Cita de la fuente: WWW Wikidata, 25/3/2026
- Información encontrada: (Zurbano, (Álava))